| 000 | 00836nam a22002057a 4500 | ||
|---|---|---|---|
| 999 |
_c22242 _d22242 |
||
| 003 | AR-CdUCM | ||
| 008 | 190425b ||||| |||| 00| 0 spa d | ||
| 040 |
_aMUNICIPALIDAD PROVINCIAL DEL CUSCO _cBIBLIOTECA MUNICIPAL DEL CUSCO |
||
| 082 | _alaprensa/N°2/2015 | ||
| 245 |
_aLa prensa : _bquincenario regional / _cMary Moran Bravo, Directora |
||
| 260 |
_aCusco. _bCagibes, _c2015. |
||
| 300 |
_a15 páginas. : _bilustraciones ; _c34 cm. |
||
| 440 |
_aLa prensa. _nAño I, N°02, junio 2015. _947739 |
||
| 505 | _aContenido: Proyecto rehabilitación segunda fase central hidroeléctrica de Machupicchu fue inaugurado. -- Competitividad y región en el contexto de la globalización. ... | ||
| 650 |
_aSociedad cusqueña _947493 |
||
| 650 |
_aPolítica cusqueña _947381 |
||
| 650 |
_aSiglo XX _947740 |
||
| 942 |
_2ddc _cPP |
||
| 945 | _arac | ||